Renesancia rozvojového manažmentu výroby v podnikaní

Úloha a poslanie rozvojového manažmentu výroby v súčasnosti. Vnútropodnikový manažment výroby v invenciách rozvoja podniku. Štíhla výroba a logistika prispôsobené požiadavkám trhu a zákazníkov. Zvyšovanie kvality podnikových procesov a tzv. modely zrelosti riadenia procesov. Inovačný rozvoj a projek...

Full description

Saved in:
Bibliographic Details
Main Author: Dupaľ, Andrej
Other Authors: Šíp, Roman
Format: Book Chapter
Language:Slovak
Subjects:
Tags: Add Tag
No Tags, Be the first to tag this record!

MARC

LEADER 00000naa a2200000 4500
001 0208613
005 20240502073451.9
041 0 |a slo 
044 |a SK 
245 1 0 |a Renesancia rozvojového manažmentu výroby v podnikaní  |c Andrej Dupaľ, Roman Šíp 
520 |a Úloha a poslanie rozvojového manažmentu výroby v súčasnosti. Vnútropodnikový manažment výroby v invenciách rozvoja podniku. Štíhla výroba a logistika prispôsobené požiadavkám trhu a zákazníkov. Zvyšovanie kvality podnikových procesov a tzv. modely zrelosti riadenia procesov. Inovačný rozvoj a projektovanie v produkčných systémoch. Environmentálna orientácia procesov v produkčných procesoch podniku. 
610 2 0 |a riadenie výroby 
610 2 0 |a manažment 
610 2 0 |a podnikanie 
610 2 0 |a logistika 
610 2 0 |a procesy podnikové 
610 2 0 |a výroba štíhla 
100 1 |a Dupaľ, Andrej 
700 1 |a Šíp, Roman